LEADER 00849nas a2200229 i 4500 001 000000240369 003 CaOOAMICUS 005 20150327000000.0 008 150327b1890 xx uu u0 0lat r 013 $a219274 040 $aSeMil$bita 245 10$a1890. 260 $aMilano :$bAgnelli Jacobus Impress. Archiep.,$c1890. 300 $a86 p. ;$c22 cm. 500 $aFondo card. C. M. Martini. 773 0 $tCalendarium Ambrosianum.$dMediolani : Typis Galeatium & filios impressores archiepiscopales, 1800-1969.$w()2075 850 $aSeMil 852 $aSeMil$W1$xVenegono$y1$m203 4 1/91$j190715$B190715$CSeMilBibl$Z2$F201557 $85 941 1 $a4 961 $aLascito: Martini Card. Carlo Maria 996 $6245$a1890$9(OLS)http://semarc/title/221038 996 $6260$aMilano :$bAgnelli Jacobus Impress. Archiep.$9(OLS)http://semarc/publisher/44629 LEADER 00701naa a2200145 i 4500 001 000000303509 003 CaOOAMICUS 005 20180831172801.0 008 180831n xx u000 u und u 013 $a11289 040 $aSeMil$bita 100 1 $aRecchia, Vincenzo .$0(OLS)http://semarc/name/933 245 13$aIl commento allegorico di «Genesi, 1-3» nelle opere esegetiche di ità di Bari. [S.l.] :$bEDIPUGLIA, (stampa 1988). P. 421-449. 773 0 $tSapientia et eloquentia.$d[Bari] : Edipuglia, stampa 1988.$w()38364 996 $6245$aIl commento allegorico di «Genesi, 1-3» nelle opere esegetiche di ità di Bari. [S.l.] :$bEDIPUGLIA, (stampa 1988). P. 421-449.$9(OLS)http://semarc/title/379475